000 00469nam a2200169Ia 4500
003 SGT
020 _a9788183989862
082 _a530
_bGUP
100 _aGupta,S.L.
245 _aEngineering Pratical Physics with Viva Voce
260 _bPragati Prakashan
_aN.Delhi
_c2010
300 _a177p.
650 _aPHYSICS
653 _aLIST OF EXPERIMENT OF SEMESTER,CALENDER'S GRIFFITHS BRIDGE LIST OF EXPERIMENT OF 2ND SEMESTER
700 _aKumar,V
942 _2ddc
_cBK
_03
999 _c5131
_d5131